Nền kinh tế thị trường và chính sách hai đồng nội tệ : Một nhóm giải pháp mới nhằm ổn định kinh tế vĩ mô và phòng ngừa khủng hoảng kinh tế

Trình bày những khái niệm kinh tế thị trường, điều tiết kinh tế vĩ mô, nút thắt trong nền kinh tế, chính sách hai đồng nội tệ. Phân tích và đưa ra những giải pháp mới nhằm ổn định kinh tế vĩ mô, phòng ngừa khủng hoảng kinh tế...

Descripció completa

Guardat en:
Dades bibliogràfiques
Autor principal: Đỗ, Đức Lương
Format: Llibre
Idioma:Undetermined
Publicat: Hà Nội Đại học Kinh tế Quốc dân 2009
Matèries:
Etiquetes: Afegir etiqueta
Sense etiquetes, Sigues el primer a etiquetar aquest registre!
Thư viện lưu trữ: Trung tâm Học liệu Trường Đại học Cần Thơ
LEADER 01146nam a2200217Ia 4500
001 CTU_147612
008 210402s9999 xx 000 0 und d
020 |c 39000 
082 |a 339.5 
082 |b L561 
100 |a Đỗ, Đức Lương 
245 0 |a Nền kinh tế thị trường và chính sách hai đồng nội tệ : 
245 0 |b Một nhóm giải pháp mới nhằm ổn định kinh tế vĩ mô và phòng ngừa khủng hoảng kinh tế 
245 0 |c Đỗ Đức Lương 
260 |a Hà Nội 
260 |b Đại học Kinh tế Quốc dân 
260 |c 2009 
520 |a Trình bày những khái niệm kinh tế thị trường, điều tiết kinh tế vĩ mô, nút thắt trong nền kinh tế, chính sách hai đồng nội tệ. Phân tích và đưa ra những giải pháp mới nhằm ổn định kinh tế vĩ mô, phòng ngừa khủng hoảng kinh tế 
650 |a Macroeconomics,Kinh tế vĩ mô 
904 |i Nguyên 
980 |a Trung tâm Học liệu Trường Đại học Cần Thơ